Informe final de investigación 3. El campesino costarricense: prácticas, actitudes y representaciones de su cotidianidad (Registro nro. 11707)
[ vista simple ]
| 000 -LEADER | |
|---|---|
| fixed length control field | 01247nmm a22003857a 4500 |
| 005 - DATE AND TIME OF LATEST TRANSACTION | |
| control field | 20220621172008.0 |
| 008 - FIXED-LENGTH DATA ELEMENTS--GENERAL INFORMATION | |
| fixed length control field | 190306b xxu||||| |||| 00| 0 spa d |
| 041 ## - LANGUAGE CODE | |
| Language code of text/sound track or separate title | spa |
| 082 ## - CLASIFICACIÓN | |
| Clasificación | 34 DC |
| 100 ## - AUTOR | |
| Autor | Robert Jiménez, Jaime |
| 245 ## - TÍTULO | |
| Title | Informe final de investigación 3. El campesino costarricense: prácticas, actitudes y representaciones de su cotidianidad |
| 260 ## - PUBLICATION, DISTRIBUTION, ETC. (IMPRINT) | |
| Place of publication | Costa Rica |
| 260 ## - PUBLICATION, DISTRIBUTION, ETC. (IMPRINT) | |
| Name of publisher | Instituto de Investigaciones Psicológicas |
| 260 ## - PUBLICATION, DISTRIBUTION, ETC. (IMPRINT) | |
| Name of publisher | Universidad de Costa Rica |
| 260 ## - PUBLICATION, DISTRIBUTION, ETC. (IMPRINT) | |
| Year of publication | 2009 |
| 300 ## - PHYSICAL DESCRIPTION | |
| Number of Pages | 1 CD-ROM |
| 300 ## - PHYSICAL DESCRIPTION | |
| Number of Pages | PDF 197 páginas |
| 650 ## - SUBJECT ADDED ENTRY--TOPICAL TERM | |
| Topical Term | COSTA RICA |
| 650 ## - SUBJECT ADDED ENTRY--TOPICAL TERM | |
| Topical Term | CAMPESINO COSTARRICENSE |
| 650 ## - SUBJECT ADDED ENTRY--TOPICAL TERM | |
| Topical Term | CRIANZA |
| 650 ## - SUBJECT ADDED ENTRY--TOPICAL TERM | |
| Topical Term | RELACIONES DE GÉNERO |
| 650 ## - SUBJECT ADDED ENTRY--TOPICAL TERM | |
| Topical Term | FAMILIA |
| 650 ## - SUBJECT ADDED ENTRY--TOPICAL TERM | |
| Topical Term | ALOCENTRISMO FAMILIAR |
| 650 ## - SUBJECT ADDED ENTRY--TOPICAL TERM | |
| Topical Term | PARTICIPACIÓN COMUNITARIA |
| 650 ## - SUBJECT ADDED ENTRY--TOPICAL TERM | |
| Topical Term | TRABAJO |
| 650 ## - SUBJECT ADDED ENTRY--TOPICAL TERM | |
| Topical Term | PERSONAJES PÚBLICOS |
| 650 ## - SUBJECT ADDED ENTRY--TOPICAL TERM | |
| Topical Term | ACTITUDES POLÍTICAS |
| 650 ## - SUBJECT ADDED ENTRY--TOPICAL TERM | |
| Topical Term | ESPARCIMIENTO |
| 650 ## - SUBJECT ADDED ENTRY--TOPICAL TERM | |
| Topical Term | MEDIOS ELECTRÓNICOS DE DIFUSIÓN |
| 650 ## - SUBJECT ADDED ENTRY--TOPICAL TERM | |
| Topical Term | CONSUMO DE ALCOHOL |
| 650 ## - SUBJECT ADDED ENTRY--TOPICAL TERM | |
| Topical Term | COSMOVISIÓN |
| 650 ## - SUBJECT ADDED ENTRY--TOPICAL TERM | |
| Topical Term | RELIGIOSIDAD |
| 650 ## - SUBJECT ADDED ENTRY--TOPICAL TERM | |
| Topical Term | TRADICIONALISMO CAMPESINO |
| 942 ## - ADDED ENTRY ELEMENTS (KOHA) | |
| Koha item type | Disco Compacto |
| Withdrawn status | Lost status | Damaged status | Not for loan | Home library | Current library | Date acquired | Total Checkouts | Full call number | Accession Number | Date last seen | Price effective from | Koha item type |
|---|---|---|---|---|---|---|---|---|---|---|---|---|
| Departamento de Biblioteca y Documentación Alfonso Chase Brenes | Departamento de Biblioteca y Documentación Alfonso Chase Brenes | 06/03/2019 | 34 DC | 34DC | 06/03/2019 | 06/03/2019 | Disco Compacto |